[Event "AUTO-ELITE-2489"]
[Site "http://www.queenalice.com/game.php?id=1841105"]
[Date "2024.7.29"]
[Round "2"]
[White "FLEURY"]
[Black "delphicoracle"]
[Result "1-0"]
[WhiteElo "2723"]
[BlackElo "2568"]

1. e4 c5 2. Nf3 e6 3. d4 cxd4 4. Nxd4 Nf6 5. Nc3 Nc6 6. Nxc6 bxc6 7. e5 Nd5 8.
Ne4 Bb7 9. Be2 c5 10. O-O Qc7 11. Nd6+ Bxd6 12. exd6 Qc6 13. f3 c4 14. Qd4 O-O
15. Bxc4 Qxd6 16. b3 Rfc8 17. Rf2 Qb6 18. Qh4 Re8 19. a4 a5 20. Bb2 e5 21. Re1
d6 22. Bd3 Nf6 23. h3 Ba6 24. Bxa6 Rxa6 25. f4 Qb4 26. Rf3 Nd7 27. Kh2 Nf8 28.
Bc3 Qc5 29. Qh5 g6 30. Qh4 Nd7 31. Ref1 f5 32. Rg3 e4 33. Qh6 Re7 34. Bb2 Nf8
35. Rc3 Qa7 36. Rd1 Qd7 37. Qh4 Re8 38. Rc4 Ne6 39. Qg3 Rd8 40. b4 axb4 41. Rxb4
d5 42. Qb3 Qd6 43. Be5 Nc5 44. Qb1 Qe6 45. c4 Raa8 46. cxd5 Rxd5 47. Rb8+ Rxb8
48. Qxb8+ Kf7 49. Rxd5 Qxd5 50. Qc7+ Nd7 51. a5 1-0

[Event "AUTO-ELITE-2489"]
[Site "http://www.queenalice.com/game.php?id=1841106"]
[Date "2024.7.29"]
[Round "2"]
[White "delphicoracle"]
[Black "FLEURY"]
[Result "0-1"]
[WhiteElo "2567"]
[BlackElo "2728"]

1. Nf3 Nf6 2. c4 e6 3. g3 d5 4. Bg2 d4 5. O-O c5 6. e3 Nc6 7. exd4 cxd4 8. d3
Bc5 9. Re1 O-O 10. Ne5 Nxe5 11. Rxe5 Qc7 12. Re1 e5 13. Bg5 Nd7 14. Bd2 a5 15.
f4 Re8 16. Qa4 Qb6 17. Na3 Qxb2 18. Nc2 Qb6 19. Rab1 Qg6 20. Be4 Qh5 21. fxe5
Rf8 22. Bf4 g5 23. Bxb7 Ra7 24. Bxc8 Rxc8 25. Bc1 Qf3 26. Rb3 Nb6 27. Qb5 a4 28.
Ra3 h6 29. Bd2 Bxa3 30. Qxb6 Bc5 31. Qxh6 Qxd3 32. Qxg5+ Qg6 33. Qf4 d3+ 34. Ne3
Rb7 35. Kf1 Bxe3 36. Rxe3 Rb2 37. Ke1 Rxa2 38. Qd4 a3 39. Rxd3 Qf5 40. Ke2 Re8
41. Rf3 Qh5 42. h3 Rxe5+ 0-1

[Event "AUTO-ELITE-2519"]
[Site "http://www.queenalice.com/game.php?id=1851135"]
[Date "2025.1.27"]
[Round "2"]
[White "FLEURY"]
[Black "acid"]
[Result "1/2-1/2"]
[WhiteElo "2733"]
[BlackElo "2728"]

1. e4 e5 2. Nf3 Nc6 3. Bc4 Nf6 4. d3 Bc5 5. O-O d6 6. c3 a6 7. Re1 h6 8. Nbd2
O-O 9. Nf1 Re8 10. b4 Ba7 11. Be3 Bxe3 12. Nxe3 Be6 13. Bxe6 fxe6 14. Nf1 Rf8
15. h3 Qd7 16. a4 Ne7 17. Re3 Rac8 18. N1d2 Ng6 19. g3 c5 20. Nc4 Qc7 21. b5 Rf7
22. Nh2 d5 23. Nd2 Nf8 24. c4 d4 25. Re1 a5 26. h4 N8d7 27. Kg2 Qd8 28. Rh1 b6
29. Qe2 g6 30. Rag1 Kf8 31. Kf1 Ke7 32. g4 Qh8 33. Ke1 Rcf8 34. Rg3 h5 35. g5
Ne8 36. Nhf3 Nd6 37. Ng1 Qg7 38. Rg2 Qh8 39. Rg3 Rf4 40. Qf1 R8f7 41. Qh3 Qa8
42. Qg2 Rxf2 43. Qxf2 Rxf2 44. Kxf2 Nf5 45. Rf3 Nd6 46. Nh3 Qg8 47. Kg3 Nc8 48.
Rg1 1/2-1/2

[Event "AUTO-ELITE-2519"]
[Site "http://www.queenalice.com/game.php?id=1851136"]
[Date "2025.1.27"]
[Round "2"]
[White "acid"]
[Black "FLEURY"]
[Result "1/2-1/2"]
[WhiteElo "2728"]
[BlackElo "2733"]

1. Nf3 Nf6 2. c4 e6 3. d4 d5 4. Nc3 c6 5. Bg5 h6 6. Bh4 Be7 7. e3 O-O 8. Qc2
Nbd7 9. a3 Ne8 10. Bg3 Nd6 11. cxd5 exd5 12. Bd3 Nf6 13. O-O Re8 14. Ne5 Nh5 15.
f4 Nxg3 16. hxg3 f6 17. Ng6 Be6 18. Nh4 Bf8 19. Rae1 Bf7 20. g4 Rc8 21. Ng6 Rc7
22. Qf2 b5 23. Ne2 Be6 24. g5 Bf5 25. Bxf5 Nxf5 26. Nc3 b4 27. e4 Nd6 28. e5
fxe5 29. axb4 exd4 30. Qxd4 hxg5 31. fxg5 Rxe1 32. Rxe1 Qxg5 33. Nxf8 Kxf8 34.
Qc5 Qd8 35. Re6 Rd7 36. Qxc6 Ne8 37. Qc5+ Kf7 38. Ra6 Kg8 39. Rxa7 Qh4 40. Rxd7
1/2-1/2

[Event "AUTO-ELITE-2519"]
[Site "http://www.queenalice.com/game.php?id=1851137"]
[Date "2025.1.27"]
[Round "2"]
[White "FLEURY"]
[Black "DIVYA99"]
[Result "0-1"]
[WhiteElo "2717"]
[BlackElo "2544"]

1. e4 c5 2. Nf3 d6 3. d4 cxd4 4. Nxd4 Nf6 5. Nc3 a6 6. Be3 e5 7. Nb3 Be6 8. Qd2
Nbd7 9. f3 h5 10. Nd5 Bxd5 11. exd5 g6 12. O-O-O Nb6 13. Kb1 Nbxd5 14. Bg5 Be7
15. c4 Nb6 16. Na5 O-O 17. h4 d5 18. g4 dxc4 19. Qe1 Qc7 20. Rc1 e4 21. Nxc4 Na4
22. gxh5 Nxh5 23. f4 Rac8 24. f5 Bxg5 25. hxg5 b5 26. fxg6 fxg6 27. Bh3 bxc4 28.
Bxc8 Rxc8 29. Qxe4 Qc6 30. Rh4 Qxe4+ 31. Rxe4 Nb6 32. Rd1 c3 33. bxc3 Ng7 34.
Re7 Nf5 35. Re6 Na4 0-1

[Event "AUTO-ELITE-2519"]
[Site "http://www.queenalice.com/game.php?id=1851138"]
[Date "2025.1.27"]
[Round "2"]
[White "DIVYA99"]
[Black "FLEURY"]
[Result "1-0"]
[WhiteElo "2532"]
[BlackElo "2729"]

1. e4 e5 2. Nf3 Nc6 3. Bb5 a6 4. Ba4 Nf6 5. O-O Nxe4 6. d4 b5 7. Bb3 d5 8. dxe5
Be6 9. c3 Bc5 10. Nbd2 O-O 11. Bc2 Nxf2 12. Rxf2 f6 13. Nf1 Bxf2+ 14. Kxf2 fxe5
15. Kg1 Bg4 16. Ne3 Be6 17. Nf1 Bg4 18. Ne3 Be6 19. b3 a5 20. Bb2 h6 21. Qd3 e4
22. Qxb5 Qe8 23. Nd2 Nd4 24. Qxe8 Ne2+ 25. Kh1 Raxe8 26. Re1 Rf2 27. Nd1 Nd4 28.
Nxf2 Nxc2 29. Re2 e3 30. Nf1 Bd7 31. Nxe3 Rxe3 32. Rxe3 Nxe3 33. Bc1 Ng4 34. Kg1
Nxf2 35. Kxf2 a4 36. bxa4 Bxa4 37. Bf4 1-0

[Event "AUTO-ELITE-2506"]
[Site "http://www.queenalice.com/game.php?id=1855165"]
[Date "2025.4.6"]
[Round "2"]
[White "gizmokaka"]
[Black "FLEURY"]
[Result "1/2-1/2"]
[WhiteElo "2778"]
[BlackElo "2742"]

1. c4 Nf6 2. d4 e6 3. g3 d5 4. Nf3 Bb4+ 5. Bd2 Be7 6. Bg2 O-O 7. O-O c6 8. Qc2
b6 9. Ne5 Bb7 10. Bf4 Nbd7 11. Rd1 Nh5 12. Bd2 Nhf6 13. cxd5 cxd5 14. Nc6 Bxc6
15. Qxc6 Rc8 16. Qb5 Ne8 17. e3 Nd6 18. Qe2 Nf6 19. Nc3 Nfe4 20. Nxe4 Nxe4 21.
Be1 g6 22. a4 Nd6 23. h4 h5 24. Bf1 a5 25. Rd2 Kg7 26. Qd1 Qd7 27. Ba6 Rc7 28.
Qb3 Ra8 29. Bd3 Rac8 30. Rdd1 Rc6 31. Bc3 Qd8 32. Rd2 R8c7 33. Rc1 Qc8 34. Re2
Bf6 35. Rf1 Kg8 36. Rc1 Ne4 37. Rec2 Nd6 38. Kg2 Qd7 39. Ba6 Be7 40. Re2 Qd8 41.
Bd3 Rc8 42. Rh1 Bf6 43. Rc1 Be7 1/2-1/2

[Event "AUTO-ELITE-2506"]
[Site "http://www.queenalice.com/game.php?id=1855166"]
[Date "2025.4.6"]
[Round "2"]
[White "FLEURY"]
[Black "gizmokaka"]
[Result "1/2-1/2"]
[WhiteElo "2741"]
[BlackElo "2776"]

1. e4 c5 2. Nf3 d6 3. d4 cxd4 4. Nxd4 Nf6 5. Nc3 a6 6. f3 e5 7. Nb3 Be6 8. Be3
h5 9. Nd5 Bxd5 10. exd5 Nbd7 11. Qd2 g6 12. O-O-O Nb6 13. Kb1 Nbxd5 14. Bg5 Be7
15. Bd3 Qc7 16. Rhe1 Nb6 17. f4 O-O-O 18. Qe2 Nfd5 19. c4 Nb4 20. Bxe7 Qxe7 21.
fxe5 Nxd3 22. Rxd3 Qxe5 23. Qf1 Qg5 24. Qxf7 Rhf8 25. Qe6+ Kb8 26. c5 Na4 27.
cxd6 Qxg2 28. Rd2 Rf2 29. Red1 Rxd2 30. Nxd2 Qxh2 31. Nc4 Qf2 32. Qe7 Qf5+ 33.
Ka1 Rd7 34. Qe1 Rd8 35. Qe7 1/2-1/2

[Event "AUTO-ELITE-2506"]
[Site "http://www.queenalice.com/game.php?id=1855169"]
[Date "2025.4.6"]
[Round "2"]
[White "FLEURY"]
[Black "acid"]
[Result "1-0"]
[WhiteElo "2733"]
[BlackElo "2719"]

1. e4 e5 2. Nf3 Nc6 3. Bc4 Bc5 4. b4 Bxb4 5. c3 Ba5 6. d4 d6 7. Qb3 Qd7 8. O-O
Bb6 9. Nbd2 Na5 10. Qc2 f6 11. a4 Ne7 12. Ba2 Nac6 13. Nc4 exd4 14. Nxb6 axb6
15. Nxd4 Qg4 16. Nb5 Kd8 17. Be3 Bd7 18. f4 Qh5 19. Rad1 Nc8 20. h3 N6a7 21. c4
Nc6 22. Qb3 Re8 23. Bb1 Be6 24. Bd3 Re7 25. Rd2 Na5 26. Qc3 Qf7 27. Rc1 Bd7 28.
Bc2 Qxc4 29. Qb2 Nc6 30. Nc3 Ra5 31. Rb1 Bf5 32. Bd3 Qf7 33. Bf2 Bd7 34. Rf1 Qh5
35. Bb5 Be6 36. Kh2 N8a7 37. Rc1 Bf7 38. Rcd1 Kc8 39. Nd5 Bxd5 40. Be2 Qe8 41.
exd5 Rxd5 42. Bg4+ f5 43. Rxd5 fxg4 44. hxg4 g6 45. Bg3 Kb8 46. Rf1 Rf7 47. Re1
Qc8 48. Qe2 Rf8 49. Rd3 Qd7 50. Kg1 Nb4 51. Re3 Nc8 52. Re6 Na6 53. Qb5 c6 54.
Qg5 Nc7 55. R6e4 Rf7 56. Rf1 Ne7 57. f5 gxf5 58. Bh4 Ncd5 59. Qh5 Ng6 60. Rxf5
Rg7 61. Bf2 Nde7 62. Rf3 c5 63. Bg3 Ka7 64. Rf6 Qc6 65. Re2 Nc8 66. Kh2 Qc7 67.
g5 Qd7 68. Qf3 Qc6 69. Ree6 c4 70. Qc3 Nge7 71. Rf4 Rxg5 72. Rxc4 Qd7 73. Rh6
Qf5 74. Rf4 Rh5+ 75. Rxh5 Qxh5+ 76. Rh4 Qg6 77. Bf2 Qf5 78. Kg1 Nc6 79. Qa1 Kb8
80. Qh8 b5 81. axb5 Qxb5 82. Qxh7 1-0

[Event "AUTO-ELITE-2506"]
[Site "http://www.queenalice.com/game.php?id=1855170"]
[Date "2025.4.6"]
[Round "2"]
[White "acid"]
[Black "FLEURY"]
[Result "1/2-1/2"]
[WhiteElo "2719"]
[BlackElo "2733"]

1. e4 c5 2. Nc3 Nc6 3. g3 g6 4. Bg2 Bg7 5. d3 d6 6. Nge2 e6 7. Be3 Nge7 8. d4
Qb6 9. dxc5 dxc5 10. Rb1 O-O 11. Qd6 Bd4 12. Bh6 Bg7 13. Be3 Bd4 14. Bh6 Bg7 15.
Be3 Bd4 1/2-1/2

[Event "OVER THE TOP"]
[Site "http://www.queenalice.com/game.php?id=1859021"]
[Date "2025.6.22"]
[Round "1"]
[White "X128"]
[Black "FLEURY"]
[Result "1-0"]
[WhiteElo "2647"]
[BlackElo "2739"]

1. e4 e5 2. Nf3 Nc6 3. Bb5 a6 4. Ba4 Nf6 5. O-O Be7 6. Re1 b5 7. Bb3 O-O 8. a4
b4 9. a5 d6 10. d3 Be6 11. Bxe6 fxe6 12. Nbd2 h6 13. c3 d5 14. h3 Qd6 15. d4
Nxe4 16. Nxe4 dxe4 17. Rxe4 exd4 18. Nxd4 bxc3 19. bxc3 Nxd4 20. cxd4 Rf5 21.
Qe2 Bf6 22. Ra4 Re8 23. Bd2 Qd7 24. Rc4 c6 25. Rg4 Kh8 26. Re4 1-0